000
00304nam a22001337a 4500
008
180921b xxu||||| |||| 00| 0 eng d
020
_a
0126588503
041
_a
eng
080
_a
616
100
_a
9
101
_a
PAT
245
_a
Cleft Palate and Communication
_c
Spriesterbach, D.C
942
_2
udc
_c
BK
999
_c
48220
_d
48220